000 00225nam a22001097a 4500
082 _a001
_bROH/T
245 _aREPTILES
_bTHINGS U WANT 2 KNOW
260 _aDELHI
_bROHAN BOOK
300 _a24
650 _aGK
_zDELHI
942 _cBK
999 _c6348
_d6348